| 000 | 00685cam a22002531 4500 | ||
|---|---|---|---|
| 001 | 30698 | ||
| 003 | BD-RjUL | ||
| 005 | 20211209051614.0 | ||
| 008 | 140410s1953 enk 001 0 eng | ||
| 035 | _a(BD-RjUL) | ||
| 035 | _a(OCoLC)1516091 | ||
| 040 |
_aDLC _cFBoU _dDCHS _dUk _dDLC _beng |
||
| 041 | _aeng | ||
| 082 |
_a184.1 _bLEI 1953 |
||
| 100 | 1 |
_aLevinson, Ronald Bartlett, _d1896- _993262 |
|
| 245 | 1 | 0 |
_aIn defense of Plato / _cRonald B. Levinson. |
| 260 |
_aCambridge : _bHarvard University Press, _c1953. |
||
| 300 |
_axii, 674 p. ; _c25 cm. |
||
| 504 | _aIncludes index | ||
| 600 | 0 | 0 |
_aPlato. _993263 |
| 942 |
_2ddc _cBK |
||
| 999 |
_c30698 _d30698 |
||